RICS UK economic brief (Record no. 106798)
[ view plain ]
| 000 -LEADER | |
|---|---|
| fixed length control field | 01407cam a22002055a 4500 |
| 001 - CONTROL NUMBER | |
| control field | L137486 |
| 008 - FIXED-LENGTH DATA ELEMENTS--GENERAL INFORMATION | |
| fixed length control field | 070411s2007 xxk f 000 0 eng d |
| 035 ## - SYSTEM CONTROL NUMBER | |
| System control number | (Sirsi) u137486 |
| 041 0# - LANGUAGE CODE | |
| Language code of text/sound track or separate title | eng |
| 110 2# - MAIN ENTRY--CORPORATE NAME | |
| Corporate name or jurisdiction name as entry element | Royal Institution of Chartered Surveyors |
| Subordinate unit | Economics |
| 9 (RLIN) | 5033 |
| 245 00 - TITLE STATEMENT | |
| Title | RICS UK economic brief |
| Remainder of title | March 2007 |
| Medium | [electronic resource] |
| 260 ## - PUBLICATION, DISTRIBUTION, ETC. | |
| Date of publication, distribution, etc. | 2007 |
| 490 #0 - SERIES STATEMENT | |
| Series statement | RICS UK Economic Brief |
| Volume/sequential designation | March 2007 |
| 520 ## - SUMMARY, ETC. | |
| Summary, etc. | Reports that despite the likelihood of a fall in the rate of inflation during the next six months an interest rate rise to 5.5% is expected in May. Predicts that uncertainty over the prospects for price changes, the fear of higher inflationary pressure from abroad and the increased price setting power of firms at home will convince policy makers that interest rates need to rise. Reports that occupier demand in the commercial property market continued to expand in Q1 2007 as strength in the economy supported business expansion, the growth in construction workloads during 2007 Q1 accelerated for the second consecutive quarter, and that house prices increased for the sixteenth consecutive month in February. |
| 590 ## - LOCAL NOTE (RLIN) | |
| Local note | KA |
| 651 #4 - SUBJECT ADDED ENTRY--GEOGRAPHIC NAME | |
| Geographic name | United Kingdom |
| Chronological subdivision | |
| 690 ## - LOCAL SUBJECT ADDED ENTRY--TOPICAL TERM (OCLC, RLIN) | |
| Topical term or geographic name as entry element | PROPERTY-COMMERCIAL PROPERTY-COMMERCIAL PROPERTY MARKET |
| 856 40 - ELECTRONIC LOCATION AND ACCESS | |
| Uniform Resource Identifier | <a href="https://www.rics.org/site/scripts/download_info.aspx?downloadID=780">https://www.rics.org/site/scripts/download_info.aspx?downloadID=780</a> |
| Public note | View the item free of charge at www.rics.org... |
| 942 ## - ADDED ENTRY ELEMENTS (KOHA) | |
| Suppress in OPAC | 0 |
| Withdrawn status | Lost status | Source of classification or shelving scheme | Damaged status | Not for loan | Home library | Current library | Shelving location | Date acquired | Total Checkouts | Full call number | Barcode | Date last seen | Copy number | Price effective from | Koha item type |
|---|---|---|---|---|---|---|---|---|---|---|---|---|---|---|---|
| Dewey Decimal Classification | Virtual | Virtual | Online | 11/04/2007 | ONLINE PUBLICATION | 137486-1001 | 06/08/2019 | 1 | 06/08/2019 | Book |